Filosofía ¿para qué? /
Ignacio Ellacuría (1930-1989), filósofo y teólo español, en sus planteamientos considera a la filosofía como una disciplina que sirve para saber y desideologizar, esto es, para estar en la realidad, más allá de sus apariencias.
Uloženo v:
| Hlavní autor: | |
|---|---|
| Médium: | Kniha |
| Jazyk: | španělština |
| Vydáno: |
San Salvador, El Salvador :
Universidad Centroamericana José Simeón Cañas, Departamento de Filosofía,
1976
|
| Edice: | (Paideia UCA)
|
| Témata: | |
| Tagy: |
Žádné tagy, Buďte první, kdo vytvoří štítek k tomuto záznamu!
|
MARC
| LEADER | 00000nam^a2200000^a^4500 | ||
|---|---|---|---|
| 001 | 000258058 | ||
| 005 | 20250521000000.0 | ||
| 009 | 20260310110312.036 | ||
| 037 | |a Acervo Xavier Clavigero | ||
| 041 | |a ESP | ||
| 082 | |a 101. |b ELL | ||
| 100 | |a Ellacuría, Ignacio |e (autor) | ||
| 245 | 1 | 0 | |a Filosofía ¿para qué? / |c I. Ellacuría. |
| 264 | 1 | |a San Salvador, El Salvador : |b Universidad Centroamericana José Simeón Cañas, Departamento de Filosofía, |c 1976 | |
| 300 | |a 16 p. | ||
| 336 | |a texto |b txt |2 rdacontenido | ||
| 337 | |a sin mediación |b n |2 rdamedio | ||
| 338 | |a volumen |b nc |2 rdasoporte | ||
| 440 | 1 | |a (Paideia UCA) | |
| 520 | |a Ignacio Ellacuría (1930-1989), filósofo y teólo español, en sus planteamientos considera a la filosofía como una disciplina que sirve para saber y desideologizar, esto es, para estar en la realidad, más allá de sus apariencias. | ||
| 649 | |a XX | ||
| 650 | |a Filosofía - |x Estudio y Enseñanza | ||
| 650 | |a Filosofía - |x Teoría - |x Tema Principal | ||
| 910 | |a Fondo General | ||
| 920 | |a Impresos - Libros | ||
| 930 | |a Colección General | ||
| 905 | |a 101 | ||
| 901 | |a 071032 |b IT1 |c FOL |u 20250521 | ||
| 902 | |a https://opac.biblio.iteso.mx/vufind/Record/000258058 | ||